[Event "ICS rated blitz match"]
[Site "204.178.125.65"]
[Date "2000.05.07"]
[Round "?"]
[White "GuiTell"]
[Black "Hossa"]
[Result "1/2-1/2"]
[WhiteElo "2372"]
[BlackElo "2510"]
[PlyCount "152"]
[EventDate "2000.??.??"]

1. e4 e5 2. Nf3 Nc6 3. Bb5 a6 4. Ba4 Nf6 5. O-O Be7 6. Re1 b5 7. Bb3 d6 8. c3
O-O 9. h3 Bb7 10. d4 Re8 11. Nbd2 Bf8 12. Ng5 Re7 13. d5 Na7 14. Bc2 c6 15.
dxc6 Nxc6 16. a4 b4 17. Nc4 bxc3 18. bxc3 Rc7 19. Ne3 Na7 20. Bb2 h6 21. Nf3
Nxe4 22. Bxe4 Bxe4 23. c4 Rb8 24. Bc3 Qe8 25. Rc1 Rc5 26. Nd2 Bc6 27. a5 Nc8
28. Qe2 Ne7 29. Rb1 Rxb1 30. Rxb1 Ba8 31. Nb3 Rc8 32. c5 Nd5 33. Nxd5 Bxd5 34.
Qxa6 Qd7 35. Qd3 Qc6 36. f3 dxc5 37. Qe2 c4 38. Nd2 Bc5+ 39. Kh1 Re8 40. Ne4
Bd4 41. Qc2 Bxe4 42. fxe4 Bxc3 43. Qxc3 Qxe4 44. Ra1 Qd4 45. Qa3 f5 46. a6 Kf7
47. a7 Ra8 48. Qa6 Kf8 49. Kh2 e4 50. Ra5 Qd7 51. Qxc4 Qd6+ 52. Kg1 Qb6+ 53.
Qc5+ Qxc5+ 54. Rxc5 Rxa7 55. Rxf5+ Rf7 56. Re5 Re7 57. Ra5 g6 58. Kf2 Kg7 59.
Ke3 Kf6 60. Ra4 Kf5 61. g3 h5 62. Ra5+ Re5 63. Ra8 g5 64. Rf8+ Kg6 65. Rg8+ Kf6
66. Rf8+ Ke7 67. Rh8 Kf7 68. Rxh5 Kg6 69. Rh8 Re6 70. Ra8 Kf6 71. h4 Re5 72.
hxg5+ Kxg5 73. Ra4 Kf5 74. g4+ Kg5 75. Rxe4 Rxe4+ 76. Kxe4 Kf6 1/2-1/2

[Event "ICS rated blitz match"]
[Site "204.178.125.65"]
[Date "2000.05.07"]
[Round "?"]
[White "Hossa"]
[Black "Brookie"]
[Result "1-0"]
[WhiteElo "2509"]
[BlackElo "2091"]
[PlyCount "69"]
[EventDate "2000.??.??"]

1. e4 b6 2. d4 Bb7 3. Bd3 g6 4. Nf3 Bg7 5. Nc3 e6 6. Bf4 d6 7. e5 d5 8. Bg5 Ne7
9. O-O Nd7 10. Nb5 a6 11. Bxe7 Kxe7 12. Na3 h6 13. c3 Re8 14. Nc2 Kf8 15. Ne3
c5 16. Ng4 c4 17. Bc2 h5 18. Ne3 Bh6 19. Qe2 Kg8 20. Rfe1 Nf8 21. Ba4 b5 22.
Bc2 Bc6 23. a4 Qd7 24. axb5 axb5 25. Rec1 Qb7 26. b4 Ra6 27. Qf1 Rea8 28. Qe1
R8a7 29. Rxa6 Rxa6 30. Ra1 Qa7 31. Rxa6 Qxa6 32. Bb1 Qa3 33. Qd2 Qa1 34. Qc1
Kh7 35. Bxg6+ {Brookie resigns} 1-0

[Event "ICS rated blitz match"]
[Site "204.178.125.65"]
[Date "2000.05.07"]
[Round "?"]
[White "Brookie"]
[Black "Hossa"]
[Result "0-1"]
[WhiteElo "2088"]
[BlackElo "2512"]
[PlyCount "100"]
[EventDate "2000.??.??"]

1. d4 d5 2. Nc3 Nf6 3. Bf4 c5 4. e3 cxd4 5. Qxd4 Nc6 6. Bb5 Bf5 7. Nf3 a6 8.
Bxc6+ bxc6 9. Ne5 Qc8 10. Nd3 e6 11. O-O Be7 12. Qa4 O-O 13. Ne5 c5 14. h3 Qb7
15. Qb3 Qxb3 16. cxb3 Ne4 17. Nxe4 Bxe4 18. Rac1 Rfc8 19. Rfd1 f6 20. Nf3 Bxf3
21. gxf3 Ra7 22. e4 Rd8 23. Kf1 Rb7 24. Rc2 d4 25. Rc4 Rb4 26. Rdc1 Rxc4 27.
Rxc4 Kf7 28. Ke1 e5 29. Bd2 Ke6 30. Ba5 Rc8 31. Kd2 f5 32. Kd3 fxe4+ 33. fxe4
Rf8 34. Ke2 Rf4 35. f3 Rh4 36. Bb6 Rxh3 37. Bxc5 Rh2+ 38. Kd3 Rf2 39. Bxe7
Rxf3+ 40. Ke2 Re3+ 41. Kd2 Kxe7 42. Rc6 Rxe4 43. Rxa6 Rf4 44. Kd3 Rf2 45. Ke4
Re2+ 46. Kd5 d3 47. Ra7+ Kf6 48. Ra6+ Kf5 49. Rd6 Rc2 50. b4 d2 {
Brookie resigns} 0-1

[Event "ICS rated standard match"]
[Site "204.178.125.65"]
[Date "2000.05.07"]
[Round "?"]
[White "Hossa"]
[Black "bawon"]
[Result "1-0"]
[WhiteElo "2374"]
[BlackElo "2073"]
[PlyCount "39"]
[EventDate "2000.??.??"]

1. e4 c5 2. Nf3 Nc6 3. d4 cxd4 4. Nxd4 g6 5. Nc3 Bg7 6. Be3 Nf6 7. Bc4 O-O 8.
Bb3 a5 9. f3 d5 10. Bxd5 Nxd5 11. exd5 Nb4 12. Nde2 Bf5 13. Rc1 b5 14. O-O Rc8
15. Nd4 Bxd4 16. Qxd4 Rc4 17. Qd2 Qc8 18. g4 Bxc2 19. a3 Bd3 20. Rf2 1-0

[Event "ICS rated standard match"]
[Site "204.178.125.65"]
[Date "2000.05.07"]
[Round "?"]
[White "bawon"]
[Black "Hossa"]
[Result "0-1"]
[WhiteElo "2068"]
[BlackElo "2379"]
[PlyCount "46"]
[EventDate "2000.??.??"]

1. e4 e5 2. Nf3 Nc6 3. Bb5 a6 4. Ba4 Nf6 5. O-O Be7 6. Re1 b5 7. Bb3 d6 8. c3
O-O 9. h3 Bb7 10. d4 Re8 11. Nbd2 Bf8 12. Bc2 g6 13. a3 Bg7 14. b4 d5 15. exd5
Nxd5 16. Ne4 exd4 17. cxd4 Nxd4 18. Nxd4 Rxe4 19. Bxe4 Nc3 20. Bxb7 Nxd1 21.
Rxd1 Bxd4 22. Bxa8 Bxf2+ 23. Kxf2 Qxd1 {bawon resigns} 0-1

[Event "ICS rated standard match"]
[Site "204.178.125.65"]
[Date "2000.05.07"]
[Round "?"]
[White "Hossa"]
[Black "bawon"]
[Result "1/2-1/2"]
[WhiteElo "2384"]
[BlackElo "2063"]
[PlyCount "97"]
[EventDate "2000.??.??"]

1. e4 g6 2. d4 Bg7 3. Nc3 d6 4. Nf3 a6 5. Be3 b5 6. Bd3 Bb7 7. O-O Nd7 8. Qd2
Ngf6 9. b4 O-O 10. Bh6 e5 11. Bxg7 Kxg7 12. d5 c6 13. dxc6 Bxc6 14. Ng5 h6 15.
Nf3 Qc7 16. Rfe1 Rac8 17. a4 Qb7 18. axb5 axb5 19. Qe3 Ra8 20. Qe2 Rfb8 21.
Rxa8 Qxa8 22. Bxb5 Bxb5 23. Nxb5 Nxe4 24. c4 f5 25. Nd2 Nef6 26. Qd3 d5 27. Nc7
dxc4 28. Qxc4 Qb7 29. Ne6+ Kh7 30. Nc5 Nxc5 31. bxc5 Qc7 32. Qe6 Kg7 33. Qxe5
Qxe5 34. Rxe5 Rb2 35. Nf1 Rc2 36. Re7+ Kf8 37. Re6 Kf7 38. Rc6 Ne4 39. Rc7+ Kf6
40. h4 Rxc5 41. Rb7 Rc2 42. Rb6+ Kf7 43. Rb7+ Kf6 44. Rb6+ Kf7 45. Rb7+ Kf6 46.
Rb6+ Kf7 47. Rb7+ Kf6 48. Rb6+ Kf7 49. Rb7+ 1/2-1/2

[Event "ICS rated blitz match"]
[Site "204.178.125.65"]
[Date "2000.05.07"]
[Round "?"]
[White "Hossa"]
[Black "joejan"]
[Result "0-1"]
[WhiteElo "2515"]
[BlackElo "2245"]
[PlyCount "146"]
[EventDate "2000.??.??"]

1. e4 e5 2. Nf3 Nc6 3. Nc3 Nf6 4. Nxe5 Nxe5 5. d4 Ng6 6. e5 Ng8 7. Bc4 Bb4 8.
Qf3 d5 9. exd6 Nf6 10. Qe2+ Kf8 11. O-O Qxd6 12. Nb5 Qb6 13. Qd3 a6 14. Nc3 Be6
15. Re1 Bxc4 16. Qxc4 Bxc3 17. Qxc3 h6 18. b3 Kg8 19. Ba3 Kh7 20. Qc4 Rhe8 21.
Qc3 Rxe1+ 22. Rxe1 Re8 23. Rxe8 Nxe8 24. Qe3 Nf6 25. c4 Qe6 26. Qxe6 fxe6 27.
Bc1 Ne7 28. Bb2 Kg6 29. Bc3 Kf5 30. f3 h5 31. h4 g5 32. hxg5 Kxg5 33. g3 Kf5
34. Kh2 Ng6 35. Kh3 Nh7 36. Ba5 c6 37. Kg2 Ng5 38. Be1 h4 39. gxh4 Nf4+ 40. Kg3
Nf7 41. Kf2 Nd3+ 42. Ke2 Nxe1 43. Kxe1 Kf4 44. Kf2 Nh6 45. h5 Nf5 46. c5 a5 47.
Ke1 Kxf3 48. Kd2 Ke4 49. Kc3 Ke3 50. Kc4 Kd2 51. b4 axb4 52. Kxb4 Kd3 53. Ka5
Kxd4 54. Kb6 e5 55. Kxb7 e4 56. a4 e3 57. a5 e2 58. a6 e1=Q 59. a7 Qa5 60. a8=Q
Qxa8+ 61. Kxa8 Kxc5 62. Kb7 Kd5 63. Kb6 c5 64. Kb5 Kd4 65. Ka5 c4 66. Kb4 c3
67. Kb3 Kd3 68. Kb4 c2 69. Ka4 c1=Q 70. Kb5 Qc7 71. Ka4 Qb6 72. Ka3 Kc3 73. Ka2
Qb2# {Hossa checkmated} 0-1

[Event "ICS rated blitz match"]
[Site "204.178.125.65"]
[Date "2000.05.07"]
[Round "?"]
[White "Hossa"]
[Black "joejan"]
[Result "1/2-1/2"]
[WhiteElo "2489"]
[BlackElo "2289"]
[PlyCount "167"]
[EventDate "2000.??.??"]

1. e4 e5 2. Nf3 Nc6 3. Nc3 Nf6 4. Nxe5 Nxe5 5. d4 Ng6 6. e5 Ng8 7. Bc4 Bb4 8.
Qf3 d5 9. Bxd5 Be6 10. Bxe6 fxe6 11. Qxb7 Bxc3+ 12. bxc3 N8e7 13. O-O O-O 14.
Bg5 Qd5 15. Qxc7 Rf7 16. Qc5 Qxc5 17. dxc5 Nxe5 18. Rfe1 N7c6 19. Re4 Rf5 20.
Be3 Kf7 21. Re1 Nd7 22. Rc4 Rb8 23. Rd1 Nde5 24. Ra4 Rb2 25. Rc1 h6 26. a3 Ke7
27. Kh1 Rf8 28. Re4 Rd8 29. h3 Ra2 30. Ra4 Rd5 31. c4 Rd7 32. Kg1 Rb7 33. Bf4
g5 34. Bg3 Nf7 35. Kh2 e5 36. Ra6 Kd7 37. Kg1 Rbb2 38. c3 Kc7 39. h4 Kb7 40.
Ra4 a5 41. Rd1 Rd2 42. Re1 Re2 43. Rf1 Rac2 44. Rd1 Red2 45. Ra1 Rxc3 46. Kh2
Rdc2 47. Rb1+ Kc7 48. hxg5 hxg5 49. Kg1 Rxc4 50. Rxc4 Rxc4 51. Rb5 Rc3 52. a4
Rc4 53. f3 Rxa4 54. Be1 Ra1 55. Kf2 a4 56. Ba5+ Kc8 57. Bc3 Rc1 58. Bd2 Rc2 59.
Ke1 a3 60. Rb6 a2 61. Ra6 Nd4 62. Ra8+ Kc7 63. Kd1 Rb2 64. Bc3 Rxg2 65. Ra7+
Kc6 66. Rxf7 a1=Q+ 67. Bxa1 Rg1+ 68. Kd2 Rxa1 69. Kd3 Ra3+ 70. Kc4 Rxf3 71. Rg7
Ne6 72. Rg6 Kd7 73. Rg8 Rf8 74. Rxf8 Nxf8 75. Kd5 Ne6 76. c6+ Kc7 77. Ke4 Kxc6
78. Kf3 g4+ 79. Kg3 Kd5 80. Kf2 e4 81. Kg3 Kd4 82. Kh4 e3 83. Kg3 e2 84. Kh4
1/2-1/2

[Event "ICS rated blitz match"]
[Site "204.178.125.65"]
[Date "2000.05.07"]
[Round "?"]
[White "goudberg"]
[Black "Hossa"]
[Result "0-1"]
[WhiteElo "2273"]
[BlackElo "2481"]
[PlyCount "68"]
[EventDate "2000.??.??"]

1. d4 d5 2. Nf3 Nf6 3. c4 e6 4. Nc3 c6 5. Bg5 Nbd7 6. e3 Be7 7. cxd5 exd5 8.
Bd3 O-O 9. O-O Re8 10. Rc1 Bb4 11. Bb1 Bd6 12. Qd3 a5 13. Rfe1 b6 14. e4 Ba6
15. Qc2 dxe4 16. Nxe4 Rxe4 17. Rxe4 Bb7 18. Ree1 Bb4 19. Bd2 Bxd2 20. Qxd2 a4
21. Qg5 a3 22. bxa3 c5 23. dxc5 Bxf3 24. gxf3 Nxc5 25. Rcd1 Qf8 26. Re3 Rd8 27.
Rxd8 Qxd8 28. Qe5 Ne6 29. Rd3 Nd7 30. Qd6 Qg5+ 31. Kh1 Nf4 32. Qxf4 Qxf4 33.
Rxd7 Qxf3+ 34. Kg1 Qg4+ {goudberg resigns} 0-1

[Event "ICS rated blitz match"]
[Site "204.178.125.65"]
[Date "2000.05.07"]
[Round "?"]
[White "Hossa"]
[Black "dr-what"]
[Result "1-0"]
[WhiteElo "2488"]
[BlackElo "1998"]
[PlyCount "103"]
[EventDate "2000.??.??"]

1. e4 d6 2. d4 Nf6 3. Nc3 g6 4. f4 Bg7 5. Nf3 O-O 6. Bd3 c5 7. dxc5 dxc5 8. Qe2
Nc6 9. e5 Nd5 10. Nxd5 Qxd5 11. Be4 Qd8 12. Be3 Nd4 13. Qc4 Nxf3+ 14. gxf3 Be6
15. Qxc5 Rc8 16. Qxa7 Qc7 17. O-O Bc4 18. Bxb7 Bxf1 19. Bxc8 Qxc8 20. Rxf1 Qxc2
21. b4 h5 22. a4 h4 23. Qd7 e6 24. Qd1 Qc4 25. Bc5 Rc8 26. Qd7 Rxc5 27. Qe8+
Kh7 28. bxc5 Qxc5+ 29. Kg2 Qc2+ 30. Rf2 h3+ 31. Kg3 Qf5 32. Qd8 f6 33. exf6
Bxf6 34. Qc7+ Kh6 35. Re2 Qh5 36. Kf2 Bd4+ 37. Ke1 Qxf3 38. Kd2 Qb3 39. a5 Qb4+
40. Kc2 Qa4+ 41. Kd3 Bf6 42. Qc5 Qb3+ 43. Kd2 Qb2+ 44. Qc2 Qb4+ 45. Ke3 g5 46.
Qe4 gxf4+ 47. Kxf4 Bg5+ 48. Kg4 Qxa5 49. Qxe6+ Kh7 50. Qf7+ Kh6 51. Re6+ Bf6
52. Rxf6# {dr-what checkmated} 1-0

[Event "ICS Rated standard match"]
[Site "204.178.125.65"]
[Date "2000.05.07"]
[Round "?"]
[White "shift"]
[Black "Hossa"]
[Result "0-1"]
[WhiteElo "2009"]
[BlackElo "2372"]
[PlyCount "50"]
[EventDate "2000.??.??"]

1. d4 d5 2. c4 e6 3. Nc3 Nf6 4. Bg5 Be7 5. Nf3 O-O 6. e3 Nbd7 7. Rc1 c6 8. Bd3
dxc4 9. Bxc4 c5 10. O-O cxd4 11. exd4 Nb6 12. Bb3 Bd7 13. Re1 Rc8 14. Ne5 Nfd5
15. Bxe7 Nxe7 16. Qd2 Nc6 17. Nf3 Na5 18. Bd1 Nac4 19. Qc2 Nd6 20. Be2 Ba4 21.
b3 Bc6 22. Ne5 Nd5 23. Qd2 Nxc3 24. Rxc3 Ne4 25. Nxc6 Rxc6 {shift resigns} 0-1

[Event "ICS rated blitz match"]
[Site "204.178.125.65"]
[Date "2000.05.07"]
[Round "?"]
[White "WICKER-MAN"]
[Black "Hossa"]
[Result "0-1"]
[WhiteElo "1973"]
[BlackElo "2490"]
[PlyCount "56"]
[EventDate "2000.??.??"]

1. e4 e5 2. d4 exd4 3. c3 dxc3 4. Bc4 cxb2 5. Bxb2 d5 6. Bxd5 Nf6 7. Bxf7+ Kxf7
8. Qxd8 Bb4+ 9. Qd2 Bxd2+ 10. Nxd2 Re8 11. Ngf3 Nc6 12. O-O Bg4 13. Ng5+ Kg6
14. f4 Rad8 15. Ndf3 Nxe4 16. Nh4+ Kh5 17. h3 Kxh4 18. hxg4 Nxg5 19. fxg5 Rd7
20. Rf5 Nb4 21. Kh2 Re2 22. Bc3 Nxa2 23. Be1+ Kxg4 24. Rf3 Rde7 25. Rg3+ Kh5
26. Ba5 Rc2 27. Rf1 Kg6 28. Rf8 b6 {WICKER-MAN resigns} 0-1

[Event "ICS rated blitz match"]
[Site "204.178.125.65"]
[Date "2000.05.07"]
[Round "?"]
[White "Hossa"]
[Black "WICKER-MAN"]
[Result "1-0"]
[WhiteElo "2492"]
[BlackElo "1971"]
[PlyCount "55"]
[EventDate "2000.??.??"]

1. e4 e5 2. Nf3 d6 3. d4 Nf6 4. Nc3 Nbd7 5. Bc4 Be7 6. O-O O-O 7. Qe2 c6 8. a4
Qc7 9. h3 a5 10. Bg5 b6 11. d5 Bb7 12. dxc6 Bxc6 13. Nh4 Nc5 14. Nf5 g6 15.
Nxe7+ Qxe7 16. Bd5 Bd7 17. Bxa8 Rxa8 18. Qf3 Kg7 19. Nd5 Nxd5 20. Bxe7 Nxe7 21.
Rfd1 Nb7 22. Qd3 Be6 23. Qb5 Nc5 24. Rxd6 Nxe4 25. Rxb6 Rd8 26. Qxa5 Rd5 27.
Qb4 Rd4 28. Qxe7 {WICKER-MAN resigns} 1-0

[Event "ICS rated blitz match"]
[Site "204.178.125.65"]
[Date "2000.05.07"]
[Round "?"]
[White "WICKER-MAN"]
[Black "Hossa"]
[Result "0-1"]
[WhiteElo "1969"]
[BlackElo "2494"]
[PlyCount "44"]
[EventDate "2000.??.??"]

1. e4 e5 2. d4 exd4 3. c3 dxc3 4. Bc4 cxb2 5. Bxb2 d5 6. Bxd5 Nf6 7. Bxf7+ Kxf7
8. Qxd8 Bb4+ 9. Qd2 Bxd2+ 10. Nxd2 Re8 11. Ngf3 Nc6 12. Rc1 Nxe4 13. O-O Nd6
14. Ng5+ Kg8 15. f4 Re2 16. Rf2 Rxf2 17. Kxf2 Nb4 18. Rc3 Bf5 19. Rg3 Nd3+ 20.
Rxd3 Bxd3 21. Ne6 Re8 22. Ke3 Bf5 0-1

[Event "ICS rated standard match"]
[Site "204.178.125.65"]
[Date "2000.05.07"]
[Round "?"]
[White "DrVigilante"]
[Black "Hossa"]
[Result "1-0"]
[WhiteElo "2581"]
[BlackElo "2376"]
[PlyCount "115"]
[EventDate "2000.??.??"]

1. d4 d5 2. c4 e6 3. Nc3 Nf6 4. Bg5 Be7 5. e3 O-O 6. Nf3 Nbd7 7. Qc2 c5 8. cxd5
Nxd5 9. Bxe7 Qxe7 10. Nxd5 exd5 11. Bd3 g6 12. dxc5 Nxc5 13. O-O Bg4 14. Nd4
Rac8 15. Rac1 a6 16. Qd2 Rfe8 17. Bc2 Qg5 18. f3 Bd7 19. b4 Ne6 20. f4 Qe7 21.
Nf3 Bb5 22. Rfe1 Bc4 23. a3 Qf6 24. Ne5 b5 25. Qf2 Qg7 26. Ng4 f5 27. Ne5 Nd8
28. Nxc4 dxc4 29. e4 fxe4 30. f5 Qh6 31. fxg6 hxg6 32. Bxe4 Rxe4 33. Rxe4 Qxc1+
34. Re1 Qh6 35. Re8+ Kh7 36. Re7+ Qg7 37. Qh4+ Kg8 38. Re8+ Qf8 39. Qe7 Qxe8
40. Qxe8+ Kh7 41. Qd7+ Nf7 42. Qxc8 Kg7 43. Qxa6 Ne5 44. Qxb5 Kf6 45. Qc5 Ke6
46. a4 Kf6 47. a5 Nd3 48. Qxc4 Ne5 49. Qf4+ Ke6 50. a6 Nc6 51. b5 Ne5 52. a7 g5
53. Qxg5 Nf7 54. Qg6+ Ke5 55. a8=Q Nd6 56. Qa1+ Kf4 57. Qd4+ Ne4 58. Qdxe4# {
Hossa checkmated} 1-0

[Event "ICS rated blitz match"]
[Site "204.178.125.65"]
[Date "2000.05.07"]
[Round "?"]
[White "RusMafia"]
[Black "Hossa"]
[Result "0-1"]
[WhiteElo "1982"]
[BlackElo "2495"]
[PlyCount "57"]
[EventDate "2000.??.??"]

1. d4 d5 2. Nf3 Nf6 3. c4 e6 4. Nc3 c6 5. cxd5 exd5 6. Bg5 Nbd7 7. e3 Bd6 8.
Bd3 O-O 9. O-O Re8 10. Rb1 h6 11. Bh4 g5 12. Bg3 Bxg3 13. hxg3 b6 14. b4 a6 15.
a4 g4 16. Nh4 Nf8 17. Nf5 Bxf5 18. Bxf5 h5 19. b5 cxb5 20. axb5 a5 21. e4 Nxe4
22. Nxe4 dxe4 23. Qd2 Qf6 24. Qf4 Rad8 25. Rfd1 Rd5 26. Bxe4 Qxf4 27. Bxd5 Qf5
28. Bc6 Re2 29. Rf1 {RusMafia resigns} 0-1

[Event "ICS rated blitz match"]
[Site "204.178.125.65"]
[Date "2000.05.07"]
[Round "?"]
[White "Hossa"]
[Black "blunite"]
[Result "1-0"]
[WhiteElo "2497"]
[BlackElo "2290"]
[PlyCount "55"]
[EventDate "2000.??.??"]

1. e4 e6 2. d4 d5 3. Nc3 Bb4 4. e5 c5 5. a3 Bxc3+ 6. bxc3 Ne7 7. Nf3 Nbc6 8. a4
Qa5 9. Bd2 O-O 10. Be2 f6 11. exf6 Rxf6 12. O-O c4 13. Bg5 Rf7 14. Qd2 Ng6 15.
Be3 Bd7 16. Ng5 Rf6 17. Bh5 Raf8 18. Rfe1 Qc7 19. g3 b6 20. f3 Qd6 21. f4 Nge7
22. Qe2 Nf5 23. Bc1 g6 24. Ba3 Qc7 25. Bxf8 Rxf8 26. Nxe6 Bxe6 27. Qxe6+ Kg7
28. Bf3 {blunite resigns} 1-0

[Event "ICS rated blitz match"]
[Site "204.178.125.65"]
[Date "2000.05.07"]
[Round "?"]
[White "blunite"]
[Black "Hossa"]
[Result "0-1"]
[WhiteElo "2283"]
[BlackElo "2504"]
[PlyCount "74"]
[EventDate "2000.??.??"]

1. d4 Nf6 2. Nf3 e6 3. c4 b6 4. g3 Nc6 5. Bg2 Bb4+ 6. Nbd2 d5 7. O-O O-O 8.
cxd5 exd5 9. a3 Bd6 10. Qc2 Ne7 11. Ne5 c5 12. e3 Bf5 13. Qa4 Qc8 14. Ndf3 Qc7
15. Bd2 Ne4 16. Bc3 f6 17. dxc5 Bxe5 18. cxb6 axb6 19. Bxe5 fxe5 20. Qb3 Ra5
21. Rac1 Rc5 22. Rxc5 Nxc5 23. Qd1 Bd3 24. Re1 Be4 25. Ng5 Bxg2 26. Kxg2 Qc6
27. f3 Qf6 28. h4 e4 29. f4 h6 30. Nh3 Qxb2+ 31. Re2 Qxa3 32. g4 Nd3 33. Qc2
Ng6 34. Kg3 Ndxf4 35. Nxf4 Nxf4 36. Re1 Nd3 37. Re2 Rf3+ {blunite resigns} 0-1

[Event "ICS rated blitz match"]
[Site "204.178.125.65"]
[Date "2000.05.07"]
[Round "?"]
[White "Hossa"]
[Black "RusMafia"]
[Result "1-0"]
[WhiteElo "2511"]
[BlackElo "1994"]
[PlyCount "32"]
[EventDate "2000.??.??"]

1. e4 c5 2. Nf3 Nc6 3. d4 cxd4 4. Nxd4 Nf6 5. Nc3 d6 6. Bg5 e6 7. Qd2 a6 8.
O-O-O h6 9. Be3 Be7 10. f4 Nxd4 11. Bxd4 b5 12. Bd3 b4 13. Ne2 Bb7 14. Qxb4
Bxe4 15. Bxf6 Bxd3 16. Bxe7 Bxe2 1-0

[Event "ICS rated standard match"]
[Site "204.178.125.65"]
[Date "2000.05.07"]
[Round "?"]
[White "Hossa"]
[Black "bawon"]
[Result "1-0"]
[WhiteElo "2368"]
[BlackElo "2087"]
[PlyCount "105"]
[EventDate "2000.??.??"]

1. e4 c6 2. d4 d5 3. Nc3 g6 4. Nf3 Bg4 5. Be2 Nf6 6. e5 Bxf3 7. Bxf3 Nfd7 8.
O-O e6 9. Be2 c5 10. Nb5 cxd4 11. Bg5 Qb6 12. Qxd4 Bc5 13. Qd2 Nc6 14. a4 Ncxe5
15. b4 Be7 16. Bxe7 Kxe7 17. a5 Qc6 18. a6 b6 19. Na3 Rac8 20. f4 Nc4 21. Nxc4
dxc4 22. Rfd1 Rhd8 23. Bf3 Qc7 24. Qe3 Nf6 25. g4 Rxd1+ 26. Rxd1 Rd8 27. Rd4
Rd6 28. g5 Nd7 29. c3 Rxd4 30. Qxd4 e5 31. fxe5 Qxe5 32. Qd2 Qf5 33. Bg2 Ne5
34. Qe3 Kf8 35. h4 Kg8 36. Bh3 Qb1+ 37. Bf1 Qf5 38. Bh3 Nf3+ 39. Kg2 Nxh4+ 40.
Kg3 Qd3 41. Qxd3 cxd3 42. Kxh4 Kg7 43. Kg3 d2 44. Bg4 f6 45. Kf4 fxg5+ 46. Kxg5
h6+ 47. Kf4 Kf6 48. Ke3 Ke5 49. c4 h5 50. Bd1 h4 51. c5 bxc5 52. b5 Kd6 53. b6
{bawon resigns} 1-0

[Event "ICS rated standard match"]
[Site "204.178.125.65"]
[Date "2000.05.07"]
[Round "?"]
[White "bawon"]
[Black "Hossa"]
[Result "0-1"]
[WhiteElo "2082"]
[BlackElo "2373"]
[PlyCount "38"]
[EventDate "2000.??.??"]

1. e4 e5 2. Nf3 Nc6 3. Bb5 a6 4. Ba4 Nf6 5. O-O Be7 6. d4 exd4 7. e5 Ne4 8.
Nxd4 O-O 9. Nf5 d5 10. Bxc6 bxc6 11. Nxe7+ Qxe7 12. Re1 Re8 13. f3 Nd6 14. Bf4
Nf5 15. Nd2 g5 16. Bg3 Nxg3 17. hxg3 Qc5+ 18. Kh2 Re6 19. Nb3 Rh6# 0-1

[Event "ICS rated standard match"]
[Site "204.178.125.65"]
[Date "2000.05.07"]
[Round "?"]
[White "bawon"]
[Black "Hossa"]
[Result "0-1"]
[WhiteElo "2072"]
[BlackElo "2383"]
[PlyCount "72"]
[EventDate "2000.??.??"]

1. d4 d5 2. c4 e6 3. Nc3 Nf6 4. Nf3 c5 5. e3 Nc6 6. a3 cxd4 7. exd4 Ne4 8. Bd3
Nxc3 9. bxc3 dxc4 10. Bxc4 Be7 11. O-O O-O 12. Bd3 Bf6 13. Bb2 Bd7 14. c4 Qc7
15. Qe2 Rfd8 16. Rad1 Bc8 17. d5 Bxb2 18. Qxb2 Ne7 19. Ng5 h6 20. Bh7+ Kf8 21.
d6 Rxd6 22. Qe5 hxg5 23. Rxd6 f6 24. Qd4 e5 25. Qd3 Kf7 26. Rd1 g6 27. Qf3 Be6
28. c5 g4 29. Qc3 Rh8 30. Rxe6 Kxe6 31. Qc4+ Kf5 32. Qf7 Qxc5 33. Qg7 Rd8 34.
Rf1 Qxa3 35. h3 gxh3 36. g4+ Kg5 {bawon resigns} 0-1

[Event "ICS rated standard match"]
[Site "204.178.125.65"]
[Date "2000.05.07"]
[Round "?"]
[White "Hossa"]
[Black "bawon"]
[Result "1-0"]
[WhiteElo "2388"]
[BlackElo "2067"]
[PlyCount "71"]
[EventDate "2000.??.??"]

1. e4 d6 2. d4 g6 3. Nc3 Bg7 4. Nf3 a6 5. Bc4 e6 6. Bg5 Ne7 7. O-O h6 8. Be3 b5
9. Bb3 Nd7 10. Qd2 g5 11. d5 e5 12. a4 b4 13. Ne2 a5 14. Bc4 f5 15. exf5 Nxf5
16. Bb5 O-O 17. Bc6 Nxe3 18. Qxe3 Ra6 19. Ng3 Nf6 20. Rad1 Rb6 21. Nd2 Ba6 22.
Ne2 Ng4 23. Qe4 Nf6 24. Qf3 Qc8 25. Nb3 e4 26. Qe3 Qg4 27. Rfe1 Rbb8 28. Ng3
Qh4 29. Nf5 Qh5 30. Nxg7 Kxg7 31. Qa7 Ng4 32. Qxc7+ Kh8 33. Qxd6 Nxf2 34. Rd2
Ng4 35. Bd7 e3 36. Bxg4 {bawon resigns} 1-0

[Event "ICS rated standard match"]
[Site "204.178.125.65"]
[Date "2000.05.07"]
[Round "?"]
[White "NukeChess"]
[Black "Hossa"]
[Result "0-1"]
[WhiteElo "2030"]
[BlackElo "2392"]
[PlyCount "94"]
[EventDate "2000.??.??"]

1. c4 Nf6 2. Nc3 g6 3. d4 Bg7 4. e4 d6 5. f4 e6 6. Nf3 Nc6 7. Bd3 d5 8. cxd5
exd5 9. e5 Ng4 10. h3 Nh6 11. O-O O-O 12. g4 Nb4 13. Bb1 Kh8 14. a3 Nc6 15. Be3
Ne7 16. Qe1 Bd7 17. Qh4 f5 18. g5 Nf7 19. Qg3 Qe8 20. h4 Nd8 21. Kf2 b6 22. Rh1
Qf7 23. Ba2 Ndc6 24. Rh3 Be8 25. Rah1 Qg8 26. Nd2 a6 27. Bb3 Nd8 28. Bd1 c5 29.
h5 Ne6 30. Nb3 Rc8 31. h6 Bxe5 32. dxe5 d4 33. Bd2 dxc3 34. Bxc3 Nd5 35. Nd2
Nd4 36. e6 Nxc3 37. Qxc3 Qxe6 38. Re1 Qd5 39. Re5 Qd6 40. Nb3 Bb5 41. Rhe3 Rcd8
42. Re6 Qxf4+ 43. Rf3 Qh2+ 44. Ke3 Kg8 45. Re7 f4+ 46. Ke4 Bc6+ 47. Ke5 Rf5#
0-1

[Event "ICS rated standard match"]
[Site "204.178.125.65"]
[Date "2000.05.07"]
[Round "?"]
[White "Hossa"]
[Black "NukeChess"]
[Result "1-0"]
[WhiteElo "2396"]
[BlackElo "2026"]
[PlyCount "52"]
[EventDate "2000.??.??"]

1. e4 e5 2. Nf3 Nf6 3. Nxe5 d6 4. Nf3 Nxe4 5. d4 d5 6. Bd3 Nc6 7. O-O Be7 8. c4
Nb4 9. Be2 Be6 10. Nc3 O-O 11. a3 Nc6 12. cxd5 Bxd5 13. Nxd5 Qxd5 14. Re1 Bf6
15. Bd3 Rfe8 16. Qc2 Nxd4 17. Nxd4 Nxf2 18. Bxh7+ Kh8 19. Ne2 Bd4 20. Kf1 Qh5
21. Nxd4 Rxe1+ 22. Kxe1 Nh1 23. Be3 Re8 24. Kd2 Qxh2 25. Be4 c5 26. Qxc5 Rxe4
1-0

[Event "ICS rated blitz match"]
[Site "204.178.125.65"]
[Date "2000.05.07"]
[Round "?"]
[White "JohnnyWild"]
[Black "Hossa"]
[Result "1-0"]
[WhiteElo "2329"]
[BlackElo "2513"]
[PlyCount "117"]
[EventDate "2000.??.??"]

1. d4 Nf6 2. Nf3 e6 3. Bg5 h6 4. Bh4 d5 5. Nbd2 g5 6. Bg3 c5 7. dxc5 Bxc5 8. e3
Nc6 9. Bd3 Bd7 10. O-O g4 11. Ne5 h5 12. Nb3 Be7 13. Nxc6 bxc6 14. Bf4 h4 15.
f3 g3 16. hxg3 c5 17. c4 hxg3 18. Bxg3 a5 19. Nd2 Qb6 20. Be5 Rh5 21. f4 Rh4
22. Qe2 Ng4 23. g3 Nxe5 24. gxh4 Nxd3 25. Qxd3 Qxb2 26. cxd5 Qg7+ 27. Kh2 Bxh4
28. Rg1 Qh8 29. Kg2 Bf6 30. Rac1 exd5 31. Qxd5 Rd8 32. Qe4+ Be6 33. Nf3 Be7 34.
Qa4+ Bd7 35. Qxa5 Qb2+ 36. Kg3 Qg7+ 37. Kf2 Qb2+ 38. Qd2 Bh4+ 39. Rg3 Bxg3+ 40.
Kxg3 Qg7+ 41. Kh2 Be6 42. Qc2 Ra8 43. a4 Qg4 44. Qe4 Ra6 45. Rxc5 Qh3+ 46. Kg1
Rd6 47. Nd4 Qg4+ 48. Kf2 Qh4+ 49. Kf1 Qh3+ 50. Qg2 Qxe3 51. Qg8+ Kd7 52. Qc8+
Ke7 53. Rc7+ Kf6 54. Qh8+ Kg6 55. Qg8+ Kh6 56. Nf5+ Bxf5 57. Qg5+ Kh7 58. Rxf7+
Kh8 59. Qg7# {Hossa checkmated} 1-0

[Event "ICS rated standard match"]
[Site "204.178.125.65"]
[Date "2000.05.07"]
[Round "?"]
[White "NukeChess"]
[Black "Hossa"]
[Result "1/2-1/2"]
[WhiteElo "2023"]
[BlackElo "2399"]
[PlyCount "50"]
[EventDate "2000.??.??"]

1. c4 e5 2. Nc3 Nf6 3. g3 c6 4. Bg2 d5 5. cxd5 cxd5 6. e3 Nc6 7. Nge2 d4 8. Ne4
Nxe4 9. Bxe4 d3 10. Nc3 Nb4 11. O-O Nc2 12. Rb1 Be7 13. Qh5 Bf6 14. Nd5 Be6 15.
Nxf6+ gxf6 16. b3 Qd7 17. Bb2 Bh3 18. Rfc1 a5 19. a4 Ra6 20. Bxd3 Qxd3 21. Qxh3
Rc6 22. Bc3 Na3 23. Ra1 Nc2 24. Rab1 Na3 25. Ra1 Nc2 1/2-1/2